00657nam a2200205Ia 4500008004100000020001800041050000800059050001000067100002500077245004600102260001600148260003100164260000900195300001600204300002700220300001000247500015100257650002300408650002000431170203s9999 xx 000 0 und d a9780689846823 aFic bB658t aBoczkowski, Tricia.  4aThe Blue's Clues nursery rhyme treasury / aNew York :  bSimon Spotlight/Nick Jr.,  c2001 a75 pages :  bcolor illustrations ;  c29 cm a"Based on the TV series Blue's clues created by Traci Paige Johnson, Todd Kessler, and Angela C. Santomero as seen on Nick Jr."--Title page verso. aChildren's poetry. aNursery rhymes.